Statystyki dla Top 10 najmniejszych krajów w Afryce

Kliknij tutaj aby rozwiązać quiz!

Ogólne statystyki

  • Ten quiz został rozwiązany 377 razy
  • Średni wynik to 7 z 10

Statystyki odpowiedzi

rozmiar w km2Kraj% Poprawnych
17,364Eswatini
80%
451Seszele
79%
23,200Dzibuti
73%
964Wyspy Swietego
Tomasza i Ksiazeca
73%
2,040Mauritius
71%
2,235Komory
70%
26,798Rwanda
69%
27,830Burundi
67%
4,033Republika Zielonego
Przylądka
67%
10,380Gambia
65%

Rozkład punktacji

Percentyl według liczby udzielonych odpowiedzi

Procent ludzi z każdym wynikiem

Twoja historia wyników

Nie rozwiązałeś tego quizu